000 00457cam a2200181ua 4500
020 _a9780415254502
_c235.00
041 _aeng
_h
082 _a551.0162
_bWAL/FO
100 _aWaltham, Tony .
245 _aFoundations of engineering geology /
_cTony Waltham.
_hTextual Documents
250 _a2 /
_b.
260 _aLondon :
_bSpon Press ,
_c2002.
300 _a92 ; .
365 _a235.00
504 _a
942 _cBK
999 _c12362
_d12362